[Event "St Petersburg-ch sf (Women)"]
[Site "St Petersburg"]
[Date "2013.01.28"]
[Round "3"]
[White "Yusupova, Lilia"]
[Black "Dobronravina, Anna"]
[Result "1-0"]
[WhiteElo "1607"]
[BlackElo "1767"]
[PlyCount "95"]
[EventDate "2013.01.26"]
[EventType "swiss"]
[EventRounds "9"]
[EventCountry "RUS"]
[SourceTitle "CBM 152 Extra"]
[Source "ChessBase"]
[SourceDate "2013.02.25"]
[SourceVersion "1"]
[SourceVersionDate "2013.02.25"]
[SourceQuality "1"]

1. d4 Nf6 2. c4 g6 3. Nc3 Bg7 4. e4 d6 5. h3 0-0 6. Be2 e5 7. d5 Nbd7 8. Nf3 Nc5 9. Qc2 a5 10. Be3 b6 11. 0-0 Nfd7 12. Bg5 Qe8 13. a3 h6 14. Be3 f5 15. exf5 gxf5 16. b4 Nb7 17. Ra2 Nf6 18. Nh2 Nh5 19. Nb5 Qg6 20. Bxh5 Qxh5 21. Nxc7 Rb8 22. Bxb6 f4 23. Qe2 Qg6 24. Kh1 Bf5 25. Rd2 axb4 26. axb4 Nd8 27. c5 e4 28. Rg1 Qf7 29. Nb5 Be5 30. Nd4 Bxd4 31. Rxd4 Kh7 32. f3 Qg7 33. Rdd1 e3 34. b5 Nf7 35. Bc7 Rb7 36. cxd6 Ne5 37. b6 Ra8 38. Ng4 Nd7 39. Qc4 h5 40. Qxf4 Rf8 41. Nxe3 Bc2 42. Qc4 Bxd1 43. Rxd1 Ne5 44. Qe4+ Kh8 45. Nf5 Qf6 46. Ne7 Kg7 47. Nc6 Nd7 48. Na5 1-0

[Event "St Petersburg-ch sf (Women)"]
[Site "St Petersburg"]
[Date "2013.01.26"]
[Round "1"]
[White "Yusupova, Lilia"]
[Black "Chernyak, Viktoria"]
[Result "0-1"]
[WhiteElo "1607"]
[BlackElo "1949"]
[PlyCount "66"]
[EventDate "2013.01.26"]
[EventType "swiss"]
[EventRounds "9"]
[EventCountry "RUS"]
[SourceTitle "CBM 152 Extra"]
[Source "ChessBase"]
[SourceDate "2013.02.25"]
[SourceVersion "1"]
[SourceVersionDate "2013.02.25"]
[SourceQuality "1"]

1. c4 Nf6 2. Nc3 g6 3. d4 Bg7 4. Nf3 0-0 5. e4 d6 6. Be2 Bg4 7. 0-0 Nbd7 8. h3 Bxf3 9. Bxf3 e5 10. d5 a5 11. Be3 Ne8 12. Rc1 b6 13. g4 Qh4 14. Kh2 f5 15. exf5 gxf5 16. gxf5 Nef6 17. Qe2 e4 18. Bh1 Ne5 19. f3 exf3 20. Bxf3 Rae8 21. Nb5 Nxf3+ 22. Qxf3 Rxe3 23. Qg2 Nh5 24. Qg4 Qxg4 25. hxg4 Be5+ 26. Kg1 Rg3+ 27. Kh2 Rxg4+ 28. Kh3 Rg5 29. Nxc7 Rgxf5 30. Rxf5 Rxf5 31. Rg1+ Kf7 32. Kg4 Ng7 33. Rg2 Rf4+ 0-1

[Event "St Petersburg Spring op"]
[Site "St Petersburg"]
[Date "2012.03.29"]
[Round "8"]
[White "Yusupova, Lilia"]
[Black "Klevets, Ksenia"]
[Result "0-1"]
[WhiteElo "1623"]
[BlackElo "1815"]
[PlyCount "78"]
[EventDate "2012.03.22"]
[EventType "swiss"]
[EventRounds "9"]
[EventCountry "RUS"]
[SourceTitle "EXT 2013"]
[Source "ChessBase"]
[SourceDate "2012.11.22"]
[SourceVersion "1"]
[SourceVersionDate "2012.11.22"]
[SourceQuality "1"]

1. c4 e5 2. Nc3 Nc6 3. g3 g6 4. Bg2 Bg7 5. d3 d6 6. e4 Nge7 7. Nge2 0-0 8. 0-0 Be6 9. Nd5 Qd7 10. Be3 f5 11. f4 Rf7 12. Qd2 Raf8 13. Rac1 Nc8 14. b4 Nd8 15. c5 c6 16. Ndc3 d5 17. exd5 cxd5 18. fxe5 Bxe5 19. d4 Bg7 20. Nf4 Ne7 21. Nxe6 Nxe6 22. Ne2 a6 23. Nf4 Nxf4 24. Bxf4 Nc8 25. Rfe1 Qc6 26. Be5 Rd7 27. Bxg7 Kxg7 28. Re5 Ne7 29. Rce1 Ng8 30. Re6 Qc7 31. R1e5 Nf6 32. a4 h6 33. b5 axb5 34. axb5 Ne4 35. Bxe4 fxe4 36. c6 Rdf7 37. Qf4 Rxf4 38. gxf4 Rf7 39. Rxd5 Qxf4 0-1

[Event "St Petersburg Spring op"]
[Site "St Petersburg"]
[Date "2012.03.27"]
[Round "6"]
[White "Yusupova, Lilia"]
[Black "Spiridonov, Mikhail"]
[Result "1-0"]
[WhiteElo "1623"]
[BlackElo "1734"]
[PlyCount "31"]
[EventDate "2012.03.22"]
[EventType "swiss"]
[EventRounds "9"]
[EventCountry "RUS"]
[SourceTitle "EXT 2013"]
[Source "ChessBase"]
[SourceDate "2012.11.22"]
[SourceVersion "1"]
[SourceVersionDate "2012.11.22"]
[SourceQuality "1"]

1. c4 e5 2. Nc3 Nc6 3. g3 Nf6 4. Bg2 Bc5 5. Nf3 d5 6. cxd5 Nxd5 7. 0-0 Nb6 8. Ne4 Be7 9. b3 0-0 10. Bb2 f5 11. Nc3 Be6 12. e3 f4 13. Ne4 Bf5 14. Nxe5 Nxe5 15. Bxe5 Qd5 16. Nf6+ 1-0

[Event "St Petersburg Spring op"]
[Site "St Petersburg"]
[Date "2012.03.25"]
[Round "4"]
[White "Yusupova, Lilia"]
[Black "Tskhadadze, Anna"]
[Result "0-1"]
[WhiteElo "1623"]
[BlackElo "1835"]
[PlyCount "174"]
[EventDate "2012.03.22"]
[EventType "swiss"]
[EventRounds "9"]
[EventCountry "RUS"]
[SourceTitle "EXT 2013"]
[Source "ChessBase"]
[SourceDate "2012.11.22"]
[SourceVersion "1"]
[SourceVersionDate "2012.11.22"]
[SourceQuality "1"]

1. c4 e5 2. Nc3 Nf6 3. g3 d6 4. Bg2 c6 5. e4 Be7 6. Nge2 Be6 7. d3 0-0 8. 0-0 Qd7 9. f4 Bh3 10. f5 Bxg2 11. Kxg2 d5 12. Ng1 dxc4 13. dxc4 Qd4 14. Qe2 Na6 15. Be3 Qd6 16. Rad1 Qc7 17. a3 Nc5 18. Bf2 Rfd8 19. b4 Nb3 20. Nf3 a5 21. Qb2 a4 22. c5 Ng4 23. Bg1 Nd4 24. Nxd4 exd4 25. Rxd4 Bf6 26. Rd2 Qe5 27. Rf3 Bg5 28. Rdd3 Qf6 29. Qc2 Ne5 30. Rxd8+ Rxd8 31. Rf2 Nc4 32. Re2 Nxa3 33. Qb2 Nc4 34. Qc2 a3 35. Nb1 Qb2 36. Nxa3 Qxc2 37. Nxc2 Bf6 38. Bf2 Rd2 39. Kf1 Rd1+ 40. Kg2 Bc3 41. Be1 Bxe1 42. Nxe1 Rb1 43. Nc2 Rb2 44. Kf2 h6 45. e5 Nxe5 46. h3 Nc4 47. Ke1 Rb3 48. Kf2 f6 49. Re4 Ne5 50. Re3 Rb2 51. Rc3 Rb1 52. Re3 Rh1 53. Kg2 Rd1 54. Re2 Rb1 55. Re3 Rb2 56. Rc3 Nd7 57. Kf3 Ne5+ 58. Ke3 Rb1 59. Kf2 Rh1 60. Kg2 Rd1 61. Ne3 Rd2+ 62. Kf1 Rb2 63. Nc2 Nf7 64. Ke2 Ng5 65. g4 Nxh3 66. Rxh3 Rxc2+ 67. Kd3 Rg2 68. Rh4 Kh7 69. Kc3 g5 70. fxg6+ Kxg6 71. Kd4 Rg1 72. Kd3 Rg3+ 73. Kd4 Rg1 74. Kd3 Rd1+ 75. Kc4 Rd5 76. Kc3 Rg5 77. Kd3 h5 78. gxh5+ Rxh5 79. Re4 Rh7 80. Re1 f5 81. Rg1+ Kf6 82. Re1 f4 83. Re8 Kf5 84. Rf8+ Kg4 85. Ke2 Rh2+ 86. Kf1 Kf3 87. Ke1 Rb2 0-1

[Event "St Petersburg-ch sf (Women) 80th"]
[Site "St Petersburg"]
[Date "2012.02.03"]
[Round "7.10"]
[White "Toporkova, Sofia"]
[Black "Yusupova, Lilia"]
[Result "1-0"]
[WhiteElo "1643"]
[BlackElo "1618"]
[PlyCount "53"]
[EventDate "2012.01.28"]
[EventType "swiss"]
[EventRounds "9"]
[EventCountry "RUS"]
[SourceTitle "CBM 146 Extra"]
[Source "ChessBase"]
[SourceDate "2012.02.29"]
[SourceVersion "1"]
[SourceVersionDate "2012.02.29"]
[SourceQuality "1"]

1. d4 Nf6 2. c4 e6 3. Nc3 Bb4 4. Qc2 c5 5. dxc5 0-0 6. Nf3 a6 7. a3 Bxc5 8. b4 Be7 9. Bg5 b6 10. e4 h6 11. Bh4 Bb7 12. e5 Bxf3 13. exf6 Bxf6 14. Bxf6 Qxf6 15. gxf3 Qxf3 16. Rg1 Qf4 17. Qe4 Qxe4+ 18. Nxe4 Nc6 19. Nf6+ Kh8 20. Nxd7 Rfd8 21. Nxb6 Ra7 22. c5 a5 23. Bg2 Nd4 24. Rd1 Nc2+ 25. Ke2 Rxd1 26. Rxd1 axb4 27. Be4 1-0

[Event "St Petersburg Rudenko Memorial (Women)"]
[Site "St Petersburg"]
[Date "2011.08.29"]
[Round "7"]
[White "Savrova, Lidia"]
[Black "Yusupova, Lilia"]
[Result "1-0"]
[WhiteElo "1591"]
[BlackElo "1672"]
[PlyCount "93"]
[EventDate "2011.08.23"]
[EventType "swiss"]
[EventRounds "9"]
[EventCountry "RUS"]
[SourceTitle "CBM 144 Extra"]
[Source "ChessBase"]
[SourceDate "2011.10.28"]
[SourceVersion "1"]
[SourceVersionDate "2011.10.28"]
[SourceQuality "1"]

1. Nf3 c5 2. b3 d5 3. e3 Nf6 4. Bb2 e6 5. d4 Nbd7 6. Nbd2 Bd6 7. Bd3 b6 8. 0-0 0-0 9. e4 dxe4 10. Nxe4 Nxe4 11. Bxe4 Rb8 12. c4 cxd4 13. Qxd4 Nf6 14. Rad1 Be7 15. Qe5 Bd7 16. Bc2 Ne8 17. Qh5 h6 18. Ne5 Nf6 19. Qh3 Rb7 20. Rd3 Qe8 21. Rfd1 Bc6 22. Rg3 Kh8 23. Ng4 Nxg4 24. Bxg7+ Kxg7 25. Qxg4+ Bg5 26. h4 f5 27. Qd4+ e5 28. Qc3 Rd7 29. hxg5 Rxd1+ 30. Bxd1 hxg5 31. Rxg5+ Kf6 32. Bh5 Kxg5 33. Bxe8 Rxe8 34. Qg3+ Kf6 35. Qh4+ Ke6 36. Qh6+ Kd7 37. Qh7+ Kd8 38. Qxf5 Bd7 39. Qf6+ Re7 40. Qd6 e4 41. Qd4 Kc7 42. c5 Re6 43. cxb6+ axb6 44. Qe3 Kb7 45. g3 Bc6 46. Qf4 Re7 47. Qh6 1-0

[Event "St Petersburg White Nights op"]
[Site "St Petersburg"]
[Date "2011.06.08"]
[Round "2"]
[White "Fedoseeva, Valentina"]
[Black "Yusupova, Lilia"]
[Result "1-0"]
[WhiteElo "1874"]
[BlackElo "1695"]
[PlyCount "41"]
[EventDate "2011.06.07"]
[EventType "swiss"]
[EventRounds "9"]
[EventCountry "RUS"]
[SourceTitle "EXT 2012"]
[Source "ChessBase"]
[SourceDate "2011.11.24"]
[SourceVersion "1"]
[SourceVersionDate "2011.11.24"]
[SourceQuality "1"]

1. e4 c5 2. Nf3 d6 3. Bb5+ Bd7 4. Qe2 a6 5. Bxd7+ Nxd7 6. 0-0 g6 7. c3 Bg7 8. d4 cxd4 9. cxd4 h6 10. Nc3 e6 11. e5 dxe5 12. dxe5 Ne7 13. Rd1 Qc7 14. Ne4 0-0 15. Bxh6 Nxe5 16. Bxg7 Kxg7 17. Rac1 Nxf3+ 18. Qxf3 Qa5 19. Qf6+ Kg8 20. Qxe7 Qe5 21. Nf6+ 1-0

[Event "St Petersburg Spring op"]
[Site "St Petersburg"]
[Date "2011.03.24"]
[Round "2"]
[White "Yusupova, Lilia"]
[Black "Kharlamov, Igor1111"]
[Result "0-1"]
[WhiteElo "1675"]
[BlackElo "1969"]
[PlyCount "130"]
[EventDate "2011.03.23"]
[EventType "swiss"]
[EventRounds "9"]
[EventCountry "RUS"]
[SourceTitle "CBM 141 Extra"]
[Source "ChessBase"]
[SourceDate "2011.05.03"]
[SourceVersion "1"]
[SourceVersionDate "2011.05.03"]
[SourceQuality "1"]

1. c4 Nf6 2. Nc3 e6 3. d4 d5 4. Nf3 c6 5. Bg5 Nbd7 6. e3 Qa5 7. Qa4 Qxa4 8. Nxa4 Bb4+ 9. Nc3 Ne4 10. Rc1 Nxg5 11. Nxg5 0-0 12. Bd3 h6 13. Nf3 dxc4 14. Bxc4 b5 15. Bd3 a6 16. a3 Be7 17. b4 a5 18. Rb1 axb4 19. axb4 Ra3 20. Kd2 Bb7 21. Kc2 Rfa8 22. Rb3 R3a7 23. Rg1 Nb6 24. Nd2 Nd5 25. Nxd5 Ra2+ 26. Kc3 exd5 27. Rgb1 Bc8 28. R1b2 R2a4 29. Nf3 Be6 30. h3 Bd6 31. g4 g6 32. Nh4 Be7 33. Ng2 Ra1 34. Rb1 R1a2 35. R1b2 Kg7 36. f4 f5 37. gxf5 Bxf5 38. Bxf5 gxf5 39. Ne1 Kg6 40. Nc2 Kh5 41. Rb1 Rg8 42. Rh1 Rg3 43. Rbb1 Rg2 44. Rbc1 Kh4 45. Kb3 Ra8 46. Ne1 Rg3 47. Rxc6 Rxe3+ 48. Kb2 Re2+ 49. Kb3 h5 50. Rc3 Rea2 51. Nf3+ Kg3 52. Ne1+ Kxf4 53. Rf1+ Kg5 54. Rg1+ Kf6 55. Rc6+ Kf7 56. Nc2 R2a6 57. Rc7 R8a7 58. Rc8 f4 59. Rb8 Rg6 60. Rxg6 Kxg6 61. Rxb5 Rd7 62. Ne1 Kf5 63. Nf3 Ke4 64. Ne5 Rc7 65. Ng6 f3 0-1

[Event "St Petersburg Chigorin CC-ch"]
[Site "St Petersburg"]
[Date "2009.05.21"]
[Round "3"]
[White "Yusupova, Lilia"]
[Black "Kozyrev, Vladislav"]
[Result "0-1"]
[WhiteElo "1713"]
[BlackElo "1819"]
[PlyCount "45"]
[EventDate "2009.05.19"]
[EventType "swiss"]
[EventRounds "9"]
[EventCountry "RUS"]
[SourceTitle "CBM 130 Extra"]
[Source "ChessBase"]
[SourceDate "2009.07.02"]
[SourceVersion "2"]
[SourceVersionDate "2009.07.15"]
[SourceQuality "1"]

1. c4 Nf6 2. Nc3 g6 3. g3 d5 4. cxd5 Nxd5 5. Qc2 Nxc3 6. Qxc3 f6 7. Bg2 c6 8. Nf3 Bg7 9. Qb3 Qd5 10. Qxd5 cxd5 11. Nd4 e6 12. Nb5 Na6 13. d4 0-0 14. 0-0 Bd7 15. Nc3 Rac8 16. a3 Rc4 17. Be3 Rcc8 18. Bd2 Kh8 19. Rfc1 f5 20. Bf1 Rc6 21. b4 Rc7 22. b5 Nb8 23. Na4 0-1

[Event "St Petersburg Rudenko Memorial (Women)"]
[Site "St Petersburg"]
[Date "2008.09.02"]
[Round "8"]
[White "Yusupova, Lilia"]
[Black "Kiseleva, Arina"]
[Result "0-1"]
[WhiteElo "1720"]
[BlackElo "1850"]
[PlyCount "62"]
[EventDate "2008.08.26"]
[EventType "swiss"]
[EventRounds "9"]
[EventCountry "RUS"]
[SourceTitle "EXT 2010"]
[Source "ChessBase"]
[SourceDate "2010.11.25"]
[SourceVersion "1"]
[SourceVersionDate "2010.11.25"]
[SourceQuality "1"]

1. d4 Nf6 2. c4 e6 3. Nc3 Bb4 4. Bd2 c5 5. Nb5 Bxd2+ 6. Qxd2 d5 7. e3 a6 8. Nc3 dxc4 9. dxc5 Qxd2+ 10. Kxd2 Nbd7 11. Na4 Ne4+ 12. Ke2 Ndxc5 13. Nxc5 Nxc5 14. Rc1 b5 15. b3 cxb3 16. axb3 Nxb3 17. Rc3 Na5 18. f3 Bd7 19. Kf2 b4 20. Rc5 Nc6 21. Bc4 Ke7 22. Ne2 a5 23. Ra1 Kd6 24. Rb5 Rhb8 25. Rxb8 Nxb8 26. Nd4 a4 27. Ke2 Na6 28. Nb3 axb3 29. Rxa6+ Rxa6 30. Bxa6 b2 31. Bd3 Bb5 0-1

[Event "St Petersburg Rudenko Memorial (Women)"]
[Site "St Petersburg"]
[Date "2008.09.01"]
[Round "7"]
[White "Bene, Alina"]
[Black "Yusupova, Lilia"]
[Result "1-0"]
[WhiteElo "1845"]
[BlackElo "1720"]
[PlyCount "46"]
[EventDate "2008.08.26"]
[EventType "swiss"]
[EventRounds "9"]
[EventCountry "RUS"]
[SourceTitle "EXT 2010"]
[Source "ChessBase"]
[SourceDate "2010.11.25"]
[SourceVersion "1"]
[SourceVersionDate "2010.11.25"]
[SourceQuality "1"]

1. e4 c5 2. Nf3 Nc6 3. d4 cxd4 4. Nxd4 Nf6 5. Nc3 d6 6. g3 e5 7. Nde2 Bg4 8. Bg2 Nd4 9. Qd3 Bxe2 10. Nxe2 Nc6 11. 0-0 Be7 12. Nc3 0-0 13. a3 Qd7 14. h3 h6 15. Be3 b6 16. Nd5 Nxd5 17. exd5 Nd8 18. f4 f5 19. fxe5 dxe5 20. d6 e4 21. Qb3+ Rf7 22. dxe7 Qxe7 23. Rxf5 Kh7 1-0

[Event "St Petersburg Rudenko Memorial (Women)"]
[Site "St Petersburg"]
[Date "2008.08.30"]
[Round "5"]
[White "Yusupova, Lilia"]
[Black "Butuc, Maria"]
[Result "0-1"]
[WhiteElo "1720"]
[BlackElo "2188"]
[PlyCount "56"]
[EventDate "2008.08.26"]
[EventType "swiss"]
[EventRounds "9"]
[EventCountry "RUS"]
[SourceTitle "EXT 2010"]
[Source "ChessBase"]
[SourceDate "2010.11.25"]
[SourceVersion "1"]
[SourceVersionDate "2010.11.25"]
[SourceQuality "1"]

1. d4 d5 2. Nf3 Nf6 3. e3 c6 4. c4 a6 5. Nbd2 Bf5 6. Be2 e6 7. Nh4 Bg6 8. Nxg6 hxg6 9. a3 Nbd7 10. b3 Qc7 11. g3 Be7 12. f4 c5 13. Bb2 Qc6 14. Bf3 Rd8 15. Qe2 Ne4 16. cxd5 exd5 17. Rc1 Qe6 18. Bg4 f5 19. Bf3 Ndf6 20. Qg2 cxd4 21. Bxd4 Rc8 22. Bb2 Rxc1+ 23. Bxc1 Qc6 24. 0-0 Qc3 25. Nxe4 dxe4 26. Bd2 exf3 27. Bxc3 fxg2 28. Kxg2 Ng4 0-1